Дело о заключении контрактов с артистами. Здесь же вид на жительство артистки Дорваль

Доступно только в Электронных читальных залах Найти на картеНа карте
RUSMARC
00004044nmc2a22000003x 450
001bd4940ca-a5c8-44ff-b69f-42907f5c4cc4
00520181127092901.0
100##$a20161226l18231823k l0rusy0189 ca
1010#$arus
102##$aRU
2001#$aДело о заключении контрактов с артистами. Здесь же вид на жительство артистки Дорваль
$jянварь - 27 ноября 1823 г.
251##$cДело
300##$aДело
300##$aОриг. заголовок дела: Дело о заключении контрактов с разными лицами и виды, выданные на жительство артистке Дорваль. январь 1823 г. - 27 ноября 1823 г
801#0$aRU
$bРГИА
$c20161226
$gRCR
801#1$aRU
$bГлавНИВЦ
$c20161226
$2rusmarc
801#2$aRU
$bПБ им. Б.Н. Ельцина
$c20181127
$gRCR
$2rusmarc
850##$aРГИА
852##$aРГИА
$eФедеральное казенное учреждение "Российский государственный исторический архив" (РГИА)
$j2503
937##$hРГИА
$d12234621
$aASBIBLIO_SCAN
462#0$1001dd3991dc-24e1-42ec-8838-ca4255420416
$12001
$a1746-1850 гг.
$1251
$cОпись
$1852
$j1
461#0$10019264ebf8-de62-4f1a-9eb4-9f22098dbbd5
$12001
$aДирекция императорских театров МИДв
$1251
$cФонд
$1852
$j497
215##$a11 л.
$d36,5х26 см
371##$aДокумент не является опубликованным и широко распространяемым
5171#$aДело о заключении контрактов с разными лицами и виды, выданные на жительство артистке Дорваль. январь 1823 г. - 27 ноября 1823 г
105##$ay###
1222#$ad
035##$abd4940ca-a5c8-44ff-b69f-42907f5c4cc4
856##$uhttp://readingroom.main.prlib.ru/item.aspx?id_node=n121039697&mode=full
Формат отображения